000 01226cam a22002294a 4500
005 20250605164308.0
008 250528s ||||||||||||||||||||||||d
035 _a22347
020 _a9789604315901
040 _aGR-AtMCL
_bgre
_dGR-AtMCL
_eAACR2
245 1 _aΓΕΝΙΚΗ ΤΟΠΟΓΡΑΦΙΑ
250 _a1
260 _bΖήτη,
_c2000
300 _a318
505 0 _aΒΑΣΙΚΕΣ ΕΝΝΟΙΕΣ ΚΑΙ ΟΡΙΣΜΟΙ ΟΡΓΑΝΑ ΚΑΙ ΜΕΘΟΔΟΙ ΜΕΤΡΗΣΗΣ ΓΩΝΙΩΝ ΟΡΓΑΝΑ ΚΑΙ ΜΕΘΟΔΟΙ ΜΕΤΡΗΣΗΣ ΑΠΟΣΤΑΣΕΩΝ ΠΡΟΣΔΙΟΡΙΣΜΟΣ ΕΠΙΠΕΔΩΝ ΣΥΝΤΕΤΑΓΜΕΝΩΝ ΚΑΙ ΑΡΧΕΣ ΚΑΤΑΣΚΕΥΗΣ ΤΟΥ ΤΟΠΟΓΡΑΦΙΚΟΥ ΧΑΡΤΗ
520 _aΒΑΣΙΚΕΣ ΕΝΝΟΙΕΣ ΚΑΙ ΟΡΙΣΜΟΙ ΟΡΓΑΝΑ ΚΑΙ ΜΕΘΟΔΟΙ ΜΕΤΡΗΣΗΣ ΓΩΝΙΩΝ ΟΡΓΑΝΑ ΚΑΙ ΜΕΘΟΔΟΙ ΜΕΤΡΗΣΗΣ ΑΠΟΣΤΑΣΕΩΝ ΠΡΟΣΔΙΟΡΙΣΜΟΣ ΕΠΙΠΕΔΩΝ ΣΥΝΤΕΤΑΓΜΕΝΩΝ ΚΑΙ ΑΡΧΕΣ ΚΑΤΑΣΚΕΥΗΣ ΤΟΥ ΤΟΠΟΓΡΑΦΙΚΟΥ ΧΑΡΤΗ
700 1 _aΚαλτσικης Χ.Ι
_98198
700 1 _aΦωτιου Α
_98199
942 _cBK
999 _c7400
_d7400